000 01063nam a2200253Ia 4500
003 GCL
008 140319s9999 xx 000 0 ara d
040 _aGCL /
_cGCL
082 0 4 _a369
_bع ج
100 1 _aعبدالرحمن الرافعى
245 1 0 _aالجمعيات الوطنية: صحيفة من تاريخ النهضات القومية فى فرنسا وامريكا والمانيا وبولونيا والاناضول /
_cعبدالرحمن الرافعى
300 _a392 ص
490 _a100 قصة
_v0
650 0 4 _aحركات التحرير
650 0 4 _aالجمعيات الوطنية
650 0 4 _aاوربا - تاريخ
650 0 4 _aفرنسا - تاريخ
650 0 4 _aفرنسا - الجمعبات الوطنية
650 0 4 _aالمانيا - الجمعيات الوطنية
650 0 4 _aالولايات المتحدة الامريكية - الجمعيات الوطنية
650 0 4 _aبولونيا - الجمعيات الوطنية
650 0 4 _aالاناضول - الجمعيات الوطنية
942 _2ddc
_cBK
999 _c45717
_d45717